| 000 | 00463nam a22001577a 4500 | ||
|---|---|---|---|
| 003 | macl | ||
| 005 | 20200705125354.0 | ||
| 008 | 200705b xxu||||| |||| 00| 0 eng d | ||
| 040 | _cmacl | ||
| 082 | _a920/KUM | ||
| 100 |
_aकुमारी ,रश्मि _978841 |
||
| 245 | _aभारत की वीरांगनाएं | ||
| 260 |
_aदिल्ली _bशिवानी बुक _c2018 |
||
| 650 |
_aजीवनी _97943 |
||
| 942 |
_2ddc _cHIN |
||
| 999 |
_c62550 _d62550 |
||